[Event "CZE-chT 9596"]
[Site "?"]
[Date "1996.??.??"]
[Round "10"]
[White "Subrt, Jaroslav"]
[Black "Hajek, Michal"]
[Result "1-0"]
[WhiteElo "2190"]
[BlackElo "2315"]

1.d4 Nf6 2.Bg5 c5 3.Bxf6 gxf6 4.c3 Qb6 5.Qc2 cxd4 6.cxd4 Nc6 7.e3 d5 8.Nc3 e6
9.Nge2 Bd7 10.g3 Rc8 11.Bg2 Qa5 12.O-O b5 13.a3 f5 14.Rfc1 Be7 15.Nf4 a6
16.Qe2 Qd8 17.h4 Na5 18.Rc2 Nc4 19.Rac1 a5 20.Qh5 b4 21.axb4 axb4 22.Ncxd5 exd5
23.Nxd5 Nd6 24.Rxc8 Bxc8 25.Qh6 Bb7 26.Nc7+ Kd7 27.Bxb7 Qxc7 28.Rxc7+ Kxc7
29.Bf3 Rc8 30.Qxh7 Kd7 31.g4 Rc1+ 32.Kg2 fxg4 33.Bxg4+ Kc7 34.h5 b3 35.Qd3  1-0

[Event "CZE-chT2c 9596"]
[Site "CZE"]
[Date "1996.??.??"]
[Round "4"]
[White "Cech, Tomas"]
[Black "Jankovec, Ivan"]
[Result "0-1"]
[WhiteElo "2180"]
[BlackElo "2275"]

1.d4 Nf6 2.Bg5 c5 3.Bxf6 gxf6 4.d5 d6 5.Nc3 Bg7 6.e3 f5 7.Bb5+ Nd7 8.Qh5 O-O
9.Bd3 Nf6 10.Qf3 e6 11.Nge2 Nxd5 12.Nxd5 exd5 13.O-O Bxb2 14.Rab1 Be5 15.Bxf5 b6
16.Bxc8 Qxc8 17.Qxd5 Qe6 18.Rfd1 Rad8 19.c4 Rfe8 20.Rb3 Qg4 21.f3 Qh4 22.f4 Qg4
23.Qf3 Qxf3 24.gxf3 Bg7 25.Rd5 b5 26.cxb5 c4 27.Ra3 Bb2 28.Rxa7 Rxe3 29.Kf2 Rde8
30.Rd2 c3 31.Rc2 Rxe2+ 32.Rxe2 Rxe2+ 33.Kxe2 c2 34.Rc7 c1=Q 35.Rxc1 Bxc1
36.a4 Bxf4 37.h3 Bh2 38.Kd3 Kf8 39.Kc4 Ke7 40.a5 Kd7 41.Kd5 Bg1 42.f4 Bc5
43.f5 Bb4 44.a6 Bc5 45.Kc4 Kc7 46.Kd5 Kb6 47.Kc4 h5 48.Kd5 h4 49.Kc4 Ka5
50.Kd5 Kxb5 51.a7 Bxa7 52.Kxd6 f6  0-1

[Event "Decin op"]
[Site "Decin"]
[Date "1996.??.??"]
[Round "4"]
[White "Meduna, Eduard"]
[Black "Volodin, Viktor"]
[Result "1-0"]
[WhiteElo "2450"]
[BlackElo "2330"]

1.d4 d5 2.Bg5 Nf6 3.Bxf6 exf6 4.e3 Be6 5.Bd3 Qd7 6.Ne2 Bf5 7.O-O Bxd3 8.Qxd3 c6
9.Nd2 Bd6 10.c4 dxc4 11.Nxc4 O-O 12.a3 Na6 13.b4 c5 14.Nxd6 Qxd6 15.bxc5 Nxc5
16.Qb1 Ne6 17.Qxb7 Rfb8 18.Qe4 Ng5 19.Qc2 Rb6 20.Rfc1 g6 21.a4 Rab8 22.Rab1 Qa3
23.Rxb6 Rxb6 24.Nf4 Rb2 25.Qc6 Rb6 26.Qc5 Qa2 27.f3 Rb2 28.h4 h6 29.Qc4 Qa3
30.Re1 Kg7 31.hxg5 hxg5 32.Nd5 Qd6 33.f4 gxf4 34.Nxf4 g5 35.Qd5 Qb4 36.Nh5+ Kg6
37.Rf1 Qb7 38.Qf5+ Kh6 39.Qxf6+ Kxh5 40.Qh8+  1-0

[Event "Decin op"]
[Site "Decin"]
[Date "1996.??.??"]
[Round "6"]
[White "Sakovich, Igor"]
[Black "Loktionova, Natalia"]
[Result "0-1"]
[WhiteElo "2265"]
[BlackElo "2125"]

1.d4 Nf6 2.Bg5 d5 3.Bxf6 exf6 4.e3 c6 5.Bd3 Bd6 6.Nd2 f5 7.Qf3 g6 8.c4 Be6
9.c5 Be7 10.Qd1 a5 11.Ne2 b6 12.cxb6 Qxb6 13.Qc2 Na6 14.a3 O-O 15.O-O Rfc8
16.Bxa6 Qxa6 17.Nf3 Rab8 18.Nf4 Qb5 19.Rab1 Bd6 20.g3 Rc7 21.Rfd1 Bc8 22.Rd3 Ba6
23.Rc3 Qb6 24.Nd2 Bb5 25.Nf3 Bc4 26.Nd3 a4 27.Nd2 Bb5 28.Nc5 Qa7 29.Re1 Re7
30.Rd1 Rbe8 31.Nd3 Qd7 32.Nf4 Bc7 33.Qb1 Qd6 34.Rcc1 g5 35.Ng2 Qg6 36.Re1 Ba5
37.Qc2 f4 38.Qxg6+ hxg6 39.Rcd1 f3 40.Nxf3 Bxe1 41.Rxe1 f6 42.Nd2 Ra8 43.Rc1 Rb7
44.Ne1 Bc4 45.Rc2 Ra6 46.Kg2 Kf7 47.h3 Ke6 48.Nb1 Ra8 49.Nc3 Rh7 50.Nf3 Kd6
51.Rc1 Rb7 52.Rc2 Bd3 53.Rd2 Be4 54.g4 Rh8 55.Nxa4 Rbh7 56.Nc3 Rxh3 57.Nxe4+ dxe4
58.Ng1 Rh2+ 59.Kg3 f5 60.gxf5 gxf5  0-1

[Event "Decin op"]
[Site "Decin"]
[Date "1996.??.??"]
[Round "7"]
[White "Cech, Pavel"]
[Black "Sokalsky, Alexander"]
[Result "1/2-1/2"]
[WhiteElo "2325"]
[BlackElo "2230"]

1.d4 Nf6 2.Bg5 c5 3.Bxf6 gxf6 4.d5 d6 5.c3 f5 6.Nd2 Nd7 7.g3 Nf6 8.Bg2 Bd7
9.Nh3 h5 10.Nf4 h4 11.Qc2 Bh6 12.Nc4 Qc7 13.Ne3 Rg8 14.O-O-O Bxf4 15.gxf4 Ng4
16.Bf3 Nxf2 17.Rhg1 Rf8 18.Rdf1 Ng4 19.Bxg4 fxg4 20.f5 g3 21.hxg3 hxg3 22.Rxg3 O-O-O
23.Rg7 Qa5 24.Kb1 Qa4 25.Qxa4 Bxa4 26.Kc1 Bd7 27.Kd2 b5 28.Ng4 Rg8 29.Rxg8 Rxg8
30.Ne3 f6 31.Rh1 Rg5 32.Rh8+ Kc7 33.Rh7 Kd8 34.Rh8+ Kc7  1/2-1/2

[Event "DEN-ch qual"]
[Site "?"]
[Date "1996.??.??"]
[Round "4"]
[White "Thuesen, Mogens"]
[Black "Nielsen, Uffe V"]
[Result "0-1"]
[WhiteElo "2230"]
[BlackElo "2380"]

1.d4 Nf6 2.Bg5 c5 3.Nc3 d5 4.e3 Nc6 5.Nf3 Bg4 6.Be2 e6 7.O-O cxd4 8.Nxd4 Bxe2
9.Ncxe2 Be7 10.c4 Nxd4 11.Qxd4 dxc4 12.Qxc4 Qd5 13.Qa4+ b5 14.Qa6 O-O 15.Bf4 Qd2
16.Nd4 Qxb2 17.Nc6 Bc5 18.Rab1 Qa3 19.Qb7 Rac8 20.Rxb5 Nd5 21.Ne5 Rc7 22.Nc4 Rxb7
23.Nxa3 Rxb5 24.Nxb5 Nxf4 25.exf4 Rd8 26.Rc1 g6 27.Kf1 Bb6 28.Ke2 Rd5 29.Nc3 Rc5
30.Kd3 Ra5 31.h3 Rf5 32.Ne4 Rxf4 33.f3 Rf5 34.Kc4 Kg7 35.Rd1 Ra5 36.Kb3 Rb5+
37.Kc2 Rb4 38.Rd7 Rc4+ 39.Kb3 Rc7 40.Rd6 h6 41.a4 Rb7 42.Kc4 f5 43.Nc3 Kf7
44.Nb5 Ke7 45.Rd1 Rb8 46.a5 Rc8+ 47.Kb4 Bc5+ 48.Ka4 a6 49.Nd4 e5 50.Nc2 Bd6
51.Ne3 Ke6 52.Kb3 Rb8+ 53.Kc2 Bc5 54.Nd5 Rb7 55.Nc3 Bd4 56.Ne2 Rb2+ 57.Kd3 Kd5
58.Nc3+ Kc6 59.Ne2 Bc5 60.Nc3 Rxg2 61.Rc1 Kd6 62.Na4 Bb4  0-1

[Event "DEN-ch qual"]
[Site "?"]
[Date "1996.??.??"]
[Round "5"]
[White "Brondum, Eric"]
[Black "Pilgaard, Kim"]
[Result "1-0"]
[WhiteElo "2270"]
[BlackElo "2325"]

1.d4 Nf6 2.Bg5 c5 3.d5 Qb6 4.Nc3 d6 5.e4 Nbd7 6.Rb1 g6 7.Nf3 Bg7 8.Be2 h6
9.Bf4 Nxe4 10.Nxe4 Qb4+ 11.Nfd2 f5 12.c3 Qb6 13.Nc4 Qc7 14.Nexd6+ exd6 15.Bxd6 Qd8
16.O-O b5 17.Re1 bxc4 18.Bxc4+ Kf7 19.Be7  1-0

[Event "DEN-chT9596"]
[Site "DEN"]
[Date "1996.??.??"]
[Round "5"]
[White "Andersen, Ib"]
[Black "Kristensen, Bjarke"]
[Result "1-0"]
[WhiteElo "2245"]
[BlackElo "2455"]

1.d4 Nf6 2.Bg5 c5 3.d5 Qb6 4.Nc3 Qxb2 5.Bd2 Qb6 6.e4 d6 7.f4 Qd8 8.Nf3 a6
9.a4 e6 10.dxe6 Bxe6 11.Ng5 Nc6 12.Nxe6 fxe6 13.Bc4 Qe7 14.O-O O-O-O 15.Re1 Ne8
16.f5 Nc7 17.fxe6 Qf6 18.Nd5 Qh4 19.g3 Qh3 20.Bg5 Nxd5 21.Bxd8 Nf6 22.Bxf6 gxf6
23.Rb1 h5 24.Qd5 Nb4 25.Qf5 Qxf5 26.exf5 Rh7 27.c3 Nc6 28.Re4 Ne5 29.Bd5 Nf3+
30.Kg2 Ne5 31.Rh4 Ng4 32.Kf3 Ne5+ 33.Ke2  1-0

[Event "Nord Cup 2nd"]
[Site "Duesseldorf"]
[Date "1996.??.??"]
[Round "4"]
[White "Wiertzema, Michael"]
[Black "Stillger, Bernhard"]
[Result "1-0"]
[WhiteElo "2230"]
[BlackElo "2310"]

1.d4 Nf6 2.Bg5 d5 3.Nf3 Ne4 4.Bf4 c5 5.c3 Nc6 6.e3 Qb6 7.Qb3 c4 8.Qxb6 axb6
9.Nfd2 Bf5 10.Nxe4 Bxe4 11.Nd2 Bg6 12.e4 e6 13.exd5 exd5 14.Be2 Kd7 15.O-O Bd6
16.Bg3 b5 17.f4 Ne7 18.a3 h5 19.Nf3 f6 20.Nh4 Bf5 21.Rae1 Bg4 22.f5 Bxg3
23.hxg3 Bxe2 24.Rxe2 Rae8 25.Rfe1 Rhg8 26.Kf2 Nc8 27.Ng6 Nd6 28.Rxe8 Rxe8
29.Rxe8 Nxe8 30.Nf4 Nd6 31.Nxd5 Nxf5 32.Nf4 h4 33.gxh4 Nxh4 34.Nh5 Nf5 35.g4 Ne7
36.Nxg7 Nd5 37.Kf3 Nb6 38.Ke4 Na4 39.Nh5 Ke7 40.Kf5 Nxb2 41.Nxf6 Nd1 42.Ne4 Ne3+
43.Kf4 Nc2 44.d5 Nxa3 45.d6+ Ke6 46.g5 b4 47.cxb4 c3 48.Nxc3 Kxd6 49.g6 Ke6
50.Kg5 Nc4 51.g7 Kf7 52.Kh6 Kg8 53.Nd5  1-0

[Event "RUS-ch (Women)"]
[Site "Elista"]
[Date "1996.??.??"]
[Round "3"]
[White "Lopatskaya, Elena P"]
[Black "Kovalevskaya, Ekaterina"]
[Result "1/2-1/2"]
[WhiteElo "2170"]
[BlackElo "2335"]

1.d4 Nf6 2.Bg5 d5 3.Nd2 Nbd7 4.Ngf3 g6 5.e3 Bg7 6.Bd3 O-O 7.c3 c5 8.O-O b6
9.b4 Bb7 10.bxc5 bxc5 11.Rb1 Bc6 12.c4 dxc4 13.Nxc4 Ne4 14.Bxe4 Bxe4 15.Rc1 cxd4
16.Nxd4 Nf6 17.f3 Bb7 18.Qa4 Qd5  1/2-1/2

[Event "BCF-chT 96/97"]
[Site "England"]
[Date "1996.??.??"]
[Round "3"]
[White "Bates, Ruth"]
[Black "Jackson, Sheila"]
[Result "0-1"]
[WhiteElo "1880"]
[BlackElo "2150"]

1.d4 Nf6 2.Bg5 c5 3.c3 Qb6 4.Qc1 cxd4 5.cxd4 Nc6 6.Bxf6 gxf6 7.e3 Bh6 8.Nd2 d5
9.Ngf3 Bf5 10.Nh4 Bd7 11.Nb3 Rc8 12.Qd2 Qb4 13.Rc1 Qxd2+ 14.Kxd2 e6 15.Nf3 Bf8
16.Nc5 Rc7 17.a3 Na5 18.b4 Bxc5 19.bxa5 Bd6 20.Rxc7 Bxc7 21.a6 Ba5+ 22.Kc2 Ba4+
23.Kb2 b5 24.Bd3 Kd7 25.Rc1 h6 26.Rc5 Rb8 27.h4 Bc7 28.Ne1 Bd6 29.Rc1 Rb6
30.Nc2 Rxa6 31.Nb4 Rb6 32.Na2 b4 33.axb4 Bxb4 34.Nxb4 Rxb4+ 35.Ka3 Rb3+ 36.Kxa4 Rxd3
37.Rc2 Rd1 38.Kb3 Ra1 39.Rc5 Ra6 40.g3 Rb6+ 41.Ka3 Rc6 42.Rb5 Ra6+ 43.Kb4 Rb6
44.Rxb6 axb6 45.Kb5 Kc7 46.g4 f5 47.gxf5 exf5 48.h5 Kb7 49.f3 Kc7 50.Kb4 Kc6
51.Ka4 Kc7 52.Kb4 Kb8 53.Ka4 Ka7 54.Kb5 Kb7 55.Ka4 Ka6 56.Kb4 Ka7 57.Kb5 Kb7
58.Ka4 Ka8 59.Kb5 Kb7 60.Ka4 Ka6 61.Kb4 f4 62.exf4 f5  0-1

[Event "EST-chT"]
[Site "EST"]
[Date "1996.??.??"]
[Round "?"]
[White "Kulaots, Kaido"]
[Black "Annus, Taavi"]
[Result "1-0"]
[WhiteElo "2400"]
[BlackElo "2205"]

1.d4 Nf6 2.Bg5 g6 3.Bxf6 exf6 4.e3 Bg7 5.c4 O-O 6.Nc3 d6 7.g3 f5 8.Bg2 Nd7
9.Nf3 Nf6 10.Nd2 Re8 11.O-O Rb8 12.b4 c6 13.Qa4 a6 14.b5 axb5 15.cxb5 Bd7
16.bxc6 bxc6 17.Rab1 Qc7 18.Rxb8 Rxb8 19.Rc1 c5 20.Qa3 Rc8 21.dxc5 dxc5 22.Nc4 Bc6
23.Bxc6 Qxc6 24.Qb3 Nd7 25.Nb5 Rb8 26.a4 Ra8 27.Rd1 Ne5 28.Nxe5 Bxe5 29.Qc4 Qe4
30.Qxe4 fxe4 31.Rd5 Ba1 32.Rxc5 Rxa4 33.Nd6 f5 34.h3 Ra6 35.Rd5 h5 36.g4 hxg4
37.hxg4 fxg4 38.Nxe4 Ra7 39.Rg5 Kg7 40.Rxg4 Re7 41.Kg2 Bb2 42.Kf3 Be5 43.Rg1 Rf7+
44.Kg4 Re7 45.f4 Bc7 46.Kf3 Kf7 47.Rc1 Kg7 48.Rc6 Bb8 49.Ng5 Ba7 50.e4 Bb8
51.Kg4 Ba7 52.Nf3 Bb8 53.e5 Rf7 54.Nh4 Kh7 55.Nxg6 Bc7 56.Nf8+  1-0

[Event "FIN-chT 9596"]
[Site "FIN"]
[Date "1996.??.??"]
[Round "3"]
[White "Paasikangas, Johanna"]
[Black "Saren, Ilkka J"]
[Result "1-0"]
[WhiteElo "2200"]
[BlackElo "2330"]

1.d4 Nf6 2.Bg5 d5 3.Bxf6 exf6 4.e3 Bd6 5.Bd3 O-O 6.c3 c6 7.Qc2 g6 8.h4 f5
9.h5 Qf6 10.g3 Be6 11.Nd2 Nd7 12.Ngf3 Rfe8 13.O-O-O b5 14.Rh2 a5 15.Rdh1 Nf8
16.Ne5 Bxe5 17.dxe5 Qxe5 18.Nf3 Qf6 19.Nd4 Bd7 20.Qe2 b4 21.hxg6 fxg6 22.c4 c5
23.Nb3 dxc4 24.Bxc4+ Be6 25.Kb1 Rec8 26.g4 a4 27.gxf5 Qxf5+ 28.e4 Qf7 29.Nd2 a3
30.b3 Rd8 31.Bxe6 Qxe6 32.f4 Rd4 33.f5 gxf5 34.Rg1+ Kh8 35.Qg2 Ng6 36.Qh3 Qd7
37.Qh6 Rg8 38.Rxg6 Rxg6 39.Qxg6  1-0

[Event "FIN-chT 9697"]
[Site "FIN"]
[Date "1996.??.??"]
[Round "4.7"]
[White "Hintikka, Eero"]
[Black "Innala, Heikki Pekka"]
[Result "0-1"]
[WhiteElo "2170"]
[BlackElo "2245"]

1.d4 Nf6 2.Bg5 d5 3.Bxf6 exf6 4.e3 Bd6 5.Bd3 O-O 6.c3 f5 7.Qf3 f4 8.exf4 Re8+
9.Kd2 c5 10.dxc5 Bxc5 11.Ne2 Qb6 12.Kc2 Bxf2 13.Nd2 Nc6 14.Rad1 Bc5 15.Qh5 g6
16.Qh6 Bg4 17.Rde1 Rac8 18.Kb1 Re3 19.Nc1 Rxd3 20.Nxd3 Bf5 21.Nf3 Bf8 22.Qg5 Bxd3+
23.Ka1 Qa6 24.Nd2 d4 25.Qd5 dxc3 26.bxc3 Bg7 27.Kb2 Bxc3+ 28.Kxc3 Ne7+ 29.Kd4 Nxd5
30.Kxd5  0-1

[Event "FIN-chT 9596"]
[Site "FIN"]
[Date "1996.??.??"]
[Round "5"]
[White "Puranen, Jukka"]
[Black "Sorri, Kari Juhani"]
[Result "1-0"]
[WhiteElo "2300"]
[BlackElo "2335"]

1.d4 d5 2.Bg5 Nf6 3.Bxf6 exf6 4.e3 Bd6 5.c4 dxc4 6.Bxc4 O-O 7.Nc3 f5 8.Qf3 c6
9.Nge2 Nd7 10.h4 Nf6 11.h5 b5 12.Bd3 b4 13.Na4 f4 14.Qxc6 Rb8 15.e4 Bb7 16.Qc2 Rc8
17.Qb1 Bc6 18.b3 Bxa4 19.bxa4 b3 20.axb3 Bb4+ 21.Kf1 h6 22.Bc4 Nd7 23.Qd3 Qg5
24.Qf3 Nb6 25.Bd3 f5 26.e5 Rcd8 27.Rd1 Rfe8 28.Rh3 Qg4 29.Rc1 Kh8 30.Rh1 Nd5
31.Bc4 Nb6 32.Bf7 Re7 33.Bg6 Nd5 34.Qxd5  1-0

[Event "FIN-chT 9596"]
[Site "FIN"]
[Date "1996.??.??"]
[Round "7"]
[White "Puranen, Jukka"]
[Black "Helenius, Martti"]
[Result "0-1"]
[WhiteElo "2300"]
[BlackElo "2280"]

1.d4 Nf6 2.Bg5 d5 3.Bxf6 exf6 4.e3 Be6 5.Bd3 Nd7 6.Nd2 f5 7.Qf3 g6 8.Ne2 c6
9.O-O Bd6 10.c4 Nf6 11.Rac1 h5 12.Nf4 Qe7 13.cxd5 cxd5 14.Bb5+ Kf8 15.Rfe1 Rd8
16.Bd3 Kg7 17.Qd1 Bc8 18.Nf1 Bb8 19.Qb3 Qd6 20.Bb1 h4 21.f3 Nh5 22.Nxh5+ Rxh5
23.Rc3 f4 24.Rec1 fxe3 25.Rxe3 Rg5 26.Kh1 b6 27.Rce1 Qf4 28.Qd3 Bf5 29.Qd2 Be6
30.Rc3 Qf6 31.Qf2 Bf4 32.Rc6 Rh8 33.Re2 Bg3 34.Qe3 Bf4 35.Qf2 Rgh5 36.a3 Qd8
37.Qe1 Bd7 38.Rc3 Qf6 39.Re7 Qd6 40.Kg1 Rg5 41.Kh1 Kf8 42.Re2 Qf6 43.Qf2 Kg7
44.Bd3 Bg3 45.Qe3 Re8 46.Qg1 Be1 47.Rc1 h3 48.Ne3 hxg2+ 49.Rxg2 Bd2 50.f4 Rxg2
51.Nxg2 Bxc1 52.Qxc1 Qxd4  0-1

[Event "Frydek-Mistek op"]
[Site "Frydek-Mistek"]
[Date "1996.??.??"]
[Round "2"]
[White "Pastor, Karel Jr"]
[Black "Jacko, Tomas"]
[Result "1-0"]
[WhiteElo "2240"]
[BlackElo "2170"]

1.d4 Nf6 2.Bg5 g6 3.Bxf6 exf6 4.e3 Bg7 5.Bd3 O-O 6.Ne2 d6 7.O-O Nd7 8.Nf4 f5
9.Nd2 Nf6 10.a4 a5 11.c3 b6 12.b4 Bb7 13.bxa5 Rxa5 14.Nb3 Ra8 15.a5 Nd5 16.Nxd5 Bxd5
17.c4 Bb7 18.Be2 c5 19.Bf3 Bxf3 20.Qxf3 bxa5 21.Qc6 cxd4 22.exd4 Qb8 23.Rfb1 Rc8
24.Qd5 a4 25.Nc5 Qxb1+ 26.Rxb1 dxc5 27.Rb7 Rf8 28.Rxf7 Kh8 29.Rxf8+ Rxf8
30.Qxc5 Rd8 31.Qa5 Rb8 32.g3 Bxd4 33.Qxa4 Rd8 34.Qb5 Kg7 35.c5 Bxc5 36.Qxc5 Rd7
37.h4 h5 38.Qe5+ Kf7 39.Kg2 Re7 40.Qh8 Re8 41.Qh7+ Kf6 42.Kf3 Re4 43.Qg8 Re7
44.Qf8+ Ke6 45.Kf4 Rf7 46.Qh8 Re7 47.Kg5  1-0

[Event "Frydek-Mistek op"]
[Site "Frydek-Mistek"]
[Date "1996.??.??"]
[Round "2"]
[White "Berezjuk, Sergej"]
[Black "Virostko, Petr"]
[Result "1-0"]
[WhiteElo "2425"]
[BlackElo "2120"]

1.d4 Nf6 2.Bg5 d5 3.Bxf6 exf6 4.e3 Be6 5.Bd3 Bd6 6.Nf3 Nc6 7.O-O Ne7 8.b3 O-O
9.c4 c6 10.Nc3 Qa5 11.Qc2 dxc4 12.bxc4 Qh5 13.Ne4 Bc7 14.Ng3 Qh6 15.Rab1 b6
16.Rfe1 Rfd8 17.Be4 Rac8 18.Nd2 f5 19.Bd3 f4 20.Ngf1 fxe3 21.fxe3 Bg4 22.Ne4 Bf5
23.Re2 b5 24.Neg3 Bxd3 25.Qxd3 a6 26.Rc2 Bb8 27.Rbc1 Rd6 28.cxb5 axb5 29.Qxb5 Re6
30.Qb3 Bxg3 31.hxg3 Nf5 32.d5 Rg6 33.Rxc6 Rgxc6 34.Rxc6 Nd6 35.Rxc8+  1-0

[Event "Frydek-Mistek op"]
[Site "Frydek-Mistek"]
[Date "1996.??.??"]
[Round "8"]
[White "Pastor, Karel Jr"]
[Black "Virostko, Petr"]
[Result "1-0"]
[WhiteElo "2240"]
[BlackElo "2120"]

1.d4 Nf6 2.Bg5 d5 3.e3 e6 4.c4 c6 5.Nc3 Be7 6.Nf3 O-O 7.Rc1 Nbd7 8.Bd3 h6
9.Bh4 Re8 10.O-O c5 11.cxd5 Nxd5 12.Bxe7 Nxe7 13.Nb5 a6 14.Nd6 Rf8 15.dxc5 Qa5
16.a3 Rd8 17.Bb1 Nf6 18.Ne5 Rf8 19.Qd3 Nf5 20.b4 Qc7 21.Nec4 Nxd6 22.cxd6  1-0

[Event "Geneve op"]
[Site "Geneve"]
[Date "1996.??.??"]
[Round "9"]
[White "Bennett, John"]
[Black "Cesareo, Fabio"]
[Result "1/2-1/2"]
[WhiteElo "2190"]
[BlackElo "2085"]

1.d4 Nf6 2.Bg5 g6 3.Bxf6 exf6 4.e3 Bg7 5.h4 h5 6.Ne2 f5 7.Nf4 d6 8.Nd2 Nd7
9.c3 Nf6 10.Bd3 Qe7 11.Qb3 Bh6 12.O-O-O c6 13.Kb1 Be6 14.Nxe6 Qxe6 15.Qxb7 O-O
16.Qxc6 Rfc8 17.Qa4 Rab8 18.c4 Qe7 19.g3 Ng4 20.Rhf1 Nh2 21.Rfe1 Ng4 22.Re2  1/2-1/2

[Event "Oberliga Sued W9697"]
[Site "GER"]
[Date "1996.??.??"]
[Round "?"]
[White "Zimmer, Ralph"]
[Black "Sandmeier, Toni"]
[Result "0-1"]
[WhiteElo "2250"]
[BlackElo "2235"]

1.d4 Nf6 2.Bg5 g6 3.Nd2 Bg7 4.c3 O-O 5.e4 d6 6.Ngf3 Nbd7 7.Be2 h6 8.Bh4 Qe8
9.O-O e5 10.dxe5 dxe5 11.Qc2 Nh5 12.Rfe1 Nf4 13.Bf1 Nc5 14.b4 Nce6 15.Nc4 f6
16.a4 Bd7 17.Nfd2 Rd8 18.f3 Rf7 19.Bf2 Bf8 20.Na5 b6 21.Nac4 Bc6 22.Be3 Rfd7
23.Nb2 Kh7 24.Nb3 g5 25.b5 Ba8 26.g3 Rg7 27.Kh1 Qh5 28.g4 Qg6 29.Rad1 Rgd7
30.Rxd7+ Rxd7 31.Rd1 Rxd1 32.Nxd1 h5 33.h3 Qh6 34.Kg1 Bb7 35.Qd2 Bd6 36.c4 Qf8
37.Qc2 Bb4 38.Nf2 Qd6 39.Nd3 Nxd3 40.Qxd3 hxg4 41.hxg4 Bc8 42.Qd5 Bd7 43.a5 Kg7
44.Kf2 Be8 45.Be2 Bf7 46.a6 Qf8 47.Qd7 Qh8 48.Kg2 Qh4 49.Qd1 Be1 50.Nd2 Qg3+
51.Kh1 Bf2 52.Bxf2 Qxf2 53.Bf1 Nf4 54.Qc1 Be8 55.Qd1 Qd4 56.Qc1 c6 57.Nb3 Qf2
58.Nd2 cxb5 59.cxb5 Bf7 60.Qd1 Qd4 61.Qc1 Qf2 62.Qd1 Qh4+ 63.Kg1 Qg3+ 64.Kh1 Ne6
65.Qe2 Nd4 66.Qd1 Qf2 67.Bd3 Bb3 68.Qc1 Nxf3 69.Qc7+ Kg6 70.Nxf3 Qxf3+ 71.Kg1 Qxd3
72.Qxa7 Qe3+ 73.Kf1 Bc4+ 74.Kg2 Qxe4+ 75.Kg1 Qe1+ 76.Kh2 Qf2+  0-1

[Event "BL9697 (Women)"]
[Site "Germany"]
[Date "1996.??.??"]
[Round "?"]
[White "Olbrich, Marina"]
[Black "Goehler, Antje"]
[Result "0-1"]
[WhiteElo "2285"]
[BlackElo "2140"]

1.d4 d5 2.Bg5 Nf6 3.Bxf6 exf6 4.e3 c6 5.Bd3 Bd6 6.Nd2 Be6 7.Qf3 Qb6 8.Rb1 Na6
9.c3 c5 10.Ne2 c4 11.Bc2 Qa5 12.a3 O-O 13.Ng3 Qd8 14.Nf5 Nc7 15.Nxd6 Qxd6
16.h4 Rfe8 17.Qh5 h6 18.g4 Bd7 19.Rg1 Qh2 20.Rg3 Rxe3+ 21.Rxe3 Qg1+ 22.Nf1 Bxg4
23.Rg3 Re8+ 24.Qe5 Qh1 25.Qxe8+ Nxe8 26.Rxg4 Nd6 27.Ke2 Qh3 28.Ne3 f5 29.Rf4 g5
30.Rg1 Qh2 31.Rg3 Kf8 32.Nf1 Qh1 33.Rff3 f4 34.Rh3 Qg1 35.hxg5 hxg5 36.Rh8+ Ke7
37.Rh7 Ne4 38.Nd2 Qc1 39.Bxe4 dxe4 40.Nxe4 Qc2+ 41.Kf1 Qxe4 42.Rfh3 f3  0-1

[Event "Bundesliga 9697"]
[Site "Germany"]
[Date "1996.??.??"]
[Round "?.7"]
[White "Fischdick, Gisela"]
[Black "Unzicker, Wolfgang"]
[Result "1/2-1/2"]
[WhiteElo "2290"]
[BlackElo "2460"]

1.d4 Nf6 2.Bg5 d5 3.Bxf6 exf6 4.e3 c5 5.Nf3 Nc6 6.c3 Be7 7.Bd3 O-O 8.Nbd2 f5
9.O-O c4 10.Bc2 Be6 11.b4 a5 12.b5 Na7 13.a4 Nc8 14.Ne1 Nd6 15.f3 Bg5 16.Qe2 Re8
17.g3 Bd7 18.f4 Be7 19.Qf3 Ne4 20.Nxe4 fxe4 21.Qe2 f5 22.Bd1 Bd6 23.Ng2 Re6
24.Ra2 Rh6 25.Qe1 Qe7 26.Be2 Rf8 27.Qd1 Qe6 28.Rf2 Rhf6 29.Rf1 R8f7 30.Bh5 Rf8
31.Be2 Kf7 32.Bh5+ Ke7 33.Rff2 Kd8 34.Rab2 Kc7 35.Kh1 Kb6 36.Kg1 h6 37.Kh1 g6
38.Be2 g5 39.Bh5 Rg8 40.Rf1 Be7 41.Rg1 Rff8 42.Ra2 Rg7 43.Qe1 Rfg8 44.Qf2 Bd6
45.Raa1 g4 46.Nh4 Be7 47.Rg2 Be8 48.Bxe8 Rxe8 49.Ra2  1/2-1/2

[Event "BL2-S9596"]
[Site "Germany"]
[Date "1996.??.??"]
[Round "?"]
[White "Petrosian, Karen"]
[Black "Farago, Ivan"]
[Result "0-1"]
[WhiteElo "2375"]
[BlackElo "2525"]

1.d4 Nf6 2.Bg5 d5 3.Bxf6 gxf6 4.c4 dxc4 5.e3 c5 6.d5 Bg7 7.Bxc4 O-O 8.Ne2 Nd7
9.Nf4 Nb6 10.Bd3 f5 11.Nc3 Bxc3+ 12.bxc3 Nxd5 13.Nh5 Qd6 14.Qf3 Nf6 15.Qg3+ Qxg3
16.Nxf6+ exf6 17.hxg3 Rd8 18.Ke2 Be6 19.Rh5 f4 20.Bxh7+ Kg7 21.Bf5 Bc4+ 22.Kf3 fxe3
23.Rh7+ Kf8 24.fxe3 Ke7 25.Rh4 Bd5+ 26.Be4 Rac8 27.Bxd5 Rxd5 28.Ra4 a6 29.Rb1 Rc7
30.Re4+ Kd7 31.Rb6 Rd6 32.Rxd6+ Kxd6 33.Rf4 Ke6 34.Re4+ Kd7 35.Kf4 b5 36.Kf5 Rc6
37.a3 a5 38.g4 Rb6 39.g3 b4 40.cxb4 cxb4 41.Rd4+ Rd6 42.Rf4 b3 43.a4 b2 44.Rf1 Rd2
45.Rb1 Kd6 46.Kxf6 Rf2+ 47.Kg7 Ke5 48.g5 Ke4 49.Re1 Kd3 50.e4 Kc2 51.g4 b1=Q
52.Rxb1 Kxb1 53.e5 Rf4 54.g6 fxg6 55.g5 Rf5  0-1

[Event "Landesliga Nord 9697 Bayern"]
[Site "Germany"]
[Date "1996.??.??"]
[Round "?"]
[White "Meulner, Klaus"]
[Black "Karlik, Jiri"]
[Result "1-0"]
[WhiteElo "2130"]
[BlackElo "2305"]

1.d4 Nf6 2.Bg5 d5 3.Bxf6 exf6 4.e3 Bf5 5.Bd3 Bg6 6.Ne2 c6 7.c4 dxc4 8.Bxc4 Bd6
9.Nbc3 Nd7 10.h4 Qa5 11.a3 Nb6 12.b4 Qf5 13.Bb3 Qg4 14.Kf1 Qd7 15.h5 Bf5
16.e4 Be6 17.h6 Rg8 18.d5 cxd5 19.exd5 Bf5 20.Rc1 Kf8 21.Nd4 Bg6 22.Rh4 f5
23.Qd2 Qd8 24.Nf3 Be7 25.Rh3 Rc8 26.hxg7+ Rxg7 27.Ne5 f4 28.Nxg6+ Rxg6 29.Ne4 Rxc1+
30.Qxc1 Nxd5 31.Qc4 Qc7 32.Qxd5 Re6 33.Nc5  1-0

[Event "BL2-W9697"]
[Site "Germany"]
[Date "1996.??.??"]
[Round "?.1"]
[White "Hall, Jesper"]
[Black "Grabarczyk, Miroslaw"]
[Result "1/2-1/2"]
[WhiteElo "2430"]
[BlackElo "2525"]

1.d4 Nf6 2.Bg5 d5 3.Bxf6 exf6 4.e3 c6 5.c4 dxc4 6.Bxc4 Bd6 7.Nc3 O-O 8.Nge2 c5
9.Ne4 cxd4 10.Nxd6 Qxd6 11.Qxd4 Qe7 12.O-O Nc6 13.Qf4 Ne5 14.Rac1 Rd8 15.Nd4 Bd7
16.Qe4 Qb4 17.Bb3 Bc6 18.Qc2 Rac8 19.h3 g6 20.Rfd1 Bd7 21.Qe2 Rxc1 22.Rxc1 Rc8
23.Rxc8+ Bxc8 24.f4 Nc6 25.Nxc6 bxc6 26.Qd3 Qe7 27.Kf2 Bf5 28.Qc3 Be4 29.Bc2 Bd5
30.Bb3 Be4 31.Bc2 Bd5 32.Bb3  1/2-1/2

[Event "Landesliga S9596 Bayern"]
[Site "Germany"]
[Date "1996.??.??"]
[Round "?"]
[White "Haller, Christoph"]
[Black "Engelbrecht, Alfred"]
[Result "0-1"]
[WhiteElo "2110"]
[BlackElo "2200"]

1.d4 Nf6 2.Bg5 d5 3.Bxf6 gxf6 4.e3 Bf5 5.c4 e6 6.Nc3 c6 7.h4 h5 8.Nge2 Bd6
9.a3 dxc4 10.e4 Bg6 11.f4 Nd7 12.g4 hxg4 13.h5 Qa5 14.e5 fxe5 15.dxe5 Be7
16.Ng3 Bh7 17.Bxc4 O-O-O 18.Qe2 Nb6 19.Ne4 Bxe4 20.Qxe4 Qc5 21.Ba2 g3 22.Qf3 Rd3
23.Qxd3 Qf2+ 24.Kd1 g2 25.Re1 g1=Q 26.Rxg1 Qxg1+ 27.Kc2 Qxa1 28.Bb1 Bxa3
29.bxa3 Qxa3 30.Qh3 Nd5  0-1

[Event "Bundesliga 9697"]
[Site "Germany"]
[Date "1996.??.??"]
[Round "?.8"]
[White "Andresen, Steffen"]
[Black "Staiger, Frank"]
[Result "0-1"]
[WhiteElo "2345"]
[BlackElo "2290"]

1.d4 Nf6 2.Bg5 g6 3.Bxf6 exf6 4.e3 Bg7 5.Bd3 O-O 6.Qf3 Re8 7.Ne2 f5 8.O-O c6
9.Nd2 d6 10.Qg3 Qe7 11.Rab1 Nd7 12.Nc4 d5 13.Nd6 Rd8 14.c4 Nf6 15.c5 Be6
16.b4 b5 17.a4 a6 18.Nc3 Rab8 19.Ra1 Nh5 20.Qf3 f4 21.axb5 axb5 22.Ra6 Bd7
23.Ra7 Ra8 24.Rfa1 Bg4 25.Rxa8 Bxf3 26.gxf3 fxe3 27.Rxd8+ Qxd8 28.fxe3 Qg5+
29.Kf2 Qh4+ 30.Kg2 Bxd4 31.exd4 Nf4+ 32.Kh1 Nxd3  0-1

[Event "Oberliga Ost B9596"]
[Site "Germany"]
[Date "1996.??.??"]
[Round "?"]
[White "Hermannsdoerfer, Frank"]
[Black "Domsgen Hoelzlein, Christina"]
[Result "1/2-1/2"]
[WhiteElo "2100"]
[BlackElo "2180"]

1.d4 Nf6 2.Bg5 g6 3.Bxf6 exf6 4.e3 Bg7 5.Ne2 d5 6.Nf4 c6 7.Bd3 Na6 8.a3 O-O
9.h4 Re8 10.h5 f5 11.hxg6 fxg6 12.Kf1 Nc7 13.Qf3 Ne6 14.Nxe6 Bxe6 15.Nd2 Qe7
16.Qf4 c5 17.c3 c4 18.Bc2 b5 19.Nf3 Bf6 20.Ne5 Bxe5 21.Qxe5 a5 22.Bd1 Qd7
23.Bf3 Ra7 24.Rh4 Rb7 25.Kg1 Bf7 26.Qh2 Be6 27.Qe5 Bf7 28.Qh2 Be6 29.Qe5  1/2-1/2

[Event "Oberliga Ost C9596"]
[Site "Germany"]
[Date "1996.??.??"]
[Round "?"]
[White "Weil, Volker"]
[Black "Zunker, Reinhard"]
[Result "1-0"]
[WhiteElo "2260"]
[BlackElo "2195"]

1.d4 Nf6 2.Bg5 g6 3.Bxf6 exf6 4.c4 Bg7 5.Nc3 O-O 6.g3 d6 7.Bg2 Nc6 8.e3 Re8
9.Nge2 Bg4 10.h3 Bd7 11.O-O Ne7 12.b4 c6 13.Nf4 f5 14.h4 Qc7 15.Qb3 Bh6 16.Rac1 Kf8
17.Nd3 Ng8 18.b5 Nf6 19.Rb1 Ne4 20.Nxe4 fxe4 21.Nb4 Kg8 22.bxc6 bxc6 23.Na6 Qc8
24.Qa3 Bf8 25.c5 d5 26.Rb2 Qd8 27.Rfb1 Bc8 28.Rb8 Rxb8 29.Nxb8 Qc7 30.Na6 Qd7
31.Qa5 Kg7 32.Nb8 Qe6 33.Qc7 Re7 34.Qxc6 Qf5 35.Na6 Re6 36.Qxc8 Rb6 37.cxb6 Qxc8
38.b7  1-0